| 000 | 01270nam0a2200277 i 4500 | ||
|---|---|---|---|
| 001 | RU\NLR\bibl\276132 | ||
| 005 | 20241101014200.0 | ||
| 035 | _a(NLR Aleph) 000271650 | ||
| 090 |
_a1588503 _c1588503 |
||
| 100 | _a20020613d1996 |||y0rusy50 ca | ||
| 101 | 0 | _arus | |
| 102 | _aRU | ||
| 105 | _ay dm ||||| | ||
| 200 | 1 |
_aЛингвопоэтическое исследование художественного текста _eтеория и практика _e(На материале англ. лит-ры 16 - 20 вв.) _eАвтореф. дис. на соиск. учен. степ. д.филол.н. _eСпец. 10.02.04 _fЛипгарт Андрей Александрович _g[Моск. гос. ун-тим. М.В. Ломоносова] |
|
| 210 |
_aМ. _d1996 |
||
| 215 |
_a49 с. _d21 |
||
| 320 | _aБиблиогр.: с. 47 - 49 (26 назв.) и в подстроч. примеч. | ||
| 686 |
_a10.02.04 _2oksvnk |
||
| 700 | 1 |
_7ca _8rus _aЛипгарт _bА. А. _cд-р техн. наук _f1898-1980 _gАндрей Александрович _9168746 _3RU\NLR\AUTH\770168796 |
|
| 801 | 0 |
_aRU _bNLR _c20020613 _gPSBO |
|
| 801 | 1 |
_aRU _bNLR _c20020613 |
|
| 852 |
_aNLR _j98-6/2484 |
||
| 942 | _cBOOK | ||